000 00287nam a22001337a 4500
020 _a81-7807-034-0
082 _a821
_bJAC/T
100 _aJACOB M.A,NINAN
245 _aTHE TRUTH VS EXPERIENCE
260 _aERNAKULAM
_bPEN BOOKS
300 _a77
650 _aPOEMS
_zKERALA
942 _cBK
999 _c3976
_d3976